Statistics for Države svijeta s praznom kartom

Click here to take the quiz!

General Stats

  • This quiz has been taken 618 times
  • The average score is 132 of 196

Answers on the Map

Answers color-coded by a green-red scale on the quiz's map according to % correct below.
 

Answer Stats

Države% Correct
Kanada
89%
Hrvatska
88%
Rusija
87%
Kina
85%
Srbija
85%
Francuska
84%
Brazil
83%
Japan
83%
Meksiko
83%
Austra
82%
Bosna i Hercegovina
82%
Slovenija
82%
Argentina
81%
Čile
81%
Finska
81%
Italija
81%
Njemačka
81%
Poljska
81%
Švedska
81%
Danska
80%
Norveška
80%
Portugal
80%
Ukrajina
80%
Australija
79%
Češka
79%
Crna Gora
79%
Indija
79%
Turska
79%
Albanija
78%
Bugarska
78%
Egipat
78%
Grčka
78%
Irska
78%
Kosovo
78%
Slovačka
78%
Bjelorusija
77%
Mađarska
77%
Rumunjska
77%
Alžir
76%
Belgija
76%
Litva
76%
Pakistan
76%
Urugvaj
76%
Andora
75%
Irak
75%
Iran
75%
Island
75%
Peru
75%
Švicarska
75%
Bolivija
74%
Holandija
74%
Indonezija
74%
Maroko
74%
Mongolija
74%
Novi Zeland
74%
Paragvaj
74%
Ujedinjeno Kraljevstvo
74%
Estonija
73%
Kazahstan
73%
Kolumbija
73%
Luksemburg
73%
Sjeverna Makedonija
73%
Ekvador
72%
Niger
72%
Panama
72%
Saudijska Arabija
72%
Grad Vatikan
71%
Libija
71%
Moldavija
71%
Sjeverna Koreja
71%
Španija
71%
Sudan
71%
Etiopija
70%
Kuba
70%
Malta
70%
Nigerija
70%
San Marino
70%
Tajland
70%
Tunis
70%
Filipini
69%
Honduras
69%
Lihtenštajn
69%
Madagaskar
69%
Uzbekistan
69%
Venecuela
69%
Angola
68%
Čad
68%
Izrael
68%
Jemen
68%
Katar
68%
Mali
68%
Bocvana
67%
Dominika
67%
Jamajka
67%
Jordan
67%
Južni Sudan
67%
Oman
67%
Sirija
67%
Turkmenistan
67%
Haiti
66%
Kirgistan
66%
Kostarika
66%
Nepal
66%
Bahami
65%
Bangladeš
65%
Gana
65%
Gruzija
65%
Gvajana
65%
Gvatemala
65%
Gvineja
65%
Južna Afrika
65%
Kenija
65%
Somalija
65%
Tadžikistan
65%
Vijetnam
65%
Zimbabve
65%
Armenija
64%
Butan
64%
Dominikanska Republika
64%
Eritreja
64%
Nikaragva
64%
Belize
63%
Kamerun
63%
Kuvajt
63%
Laos
63%
Liban
63%
Senegal
63%
Surinam
63%
Tanzanija
63%
Uganda
63%
Zambija
63%
El Salvador
62%
Kambodža
62%
Malezija
62%
Namibija
62%
Ruanda
62%
Singapur
62%
Tajvan
62%
Togo
62%
Ujedinjeni Arapski Emirati
62%
Bahrein
61%
Barbados
61%
Benin
61%
Fidži
61%
Liberija
61%
Maldivi
61%
Mauritanija
61%
Mozambik
61%
Šri Lanka
61%
Burkina Faso
60%
Gabon
60%
Lesoto
60%
Monaco
60%
Burundi
59%
Gambija
59%
Južna Korea
59%
Letonija
59%
Malavi
59%
Papua Nova Gvineja
59%
Sejšeli
59%
Sveta Lucija
59%
Grenada
58%
Kipar
58%
Tuvalu
58%
Antigva i Barbuda
57%
Azerbejdžan
57%
Džibuti
57%
Gvineja Bissau
57%
Istočni Timor
57%
Mauricijus
57%
Palau
57%
Trinidad i Tobago
57%
Vanuatu
57%
Avganistan
56%
Kiribati
56%
Nauru
56%
Sijera Leone
56%
Tonga
56%
Komori
55%
Obala Slonovače
55%
Samoa
55%
Brunei
54%
Republika Kongo
54%
Ujedinjene države
54%
Zelenortski Otoci
54%
Ekvatorijalna Gvineja
53%
Myanmar
52%
Centralna Afrička
Republika
51%
Marshallovi Otoci
51%
Dem. Rep. Konga
50%
Eswatini
50%
Sveti Vincent i Grenadini
50%
Salomonovi Otoci
49%
St. Kitts i Nevis
49%
Fed. Države Mikronezije
48%
Sao Tome i Principe
48%

Score Distribution

Percentile by Number Answered

Percent of People with Each Score

Your Score History

You have not taken this quiz